000 01156nam a2200241Ia 4500
003 Ost
005 20260507074852.0
008 260507s9999||||xx |||||||||||||| ||und||
020 _a9773831108
040 _cfsecg
041 _aara
082 _a658.8
100 _aموسى، عبد الله فرغلي علي
_eمؤلف
245 0 _aتكنولوجيا المعلومات ودورها في التسويق التقليدي والإلكتروني /
_c عبد الله فرغلي علي موسى
260 _aالقاهرة:
_bايتراك للنشر والتوزيع,
_c2007
300 _a227 صفحة؛
_bإيضاحات ؛
_c24 سم
504 _aبيبليوغرافيا: ص.215
520 _aيضم تكنولوجيا المعلومات: مفاهيم وأدوار أساسية، دور تكنولوجيا المعلومات في التسويق التقليدي، التسويق الالكتروني كاتجاه حديث في ظل تكنولوجيا المعلومات
653 _aالتسويق
653 _aالتسويق- الأجهزة الإلكترونية
653 _aتكنولوجيا المعلومات
942 _cكتاب
999 _c41580
_d41580